00548 2200193 4500001002100000005001500021035002000036245009300056100002500149250000600174300003300180260003100213082001100244084001700255020001800272650003000290990001700320990001700337INLIS00000000000039120181012041848 a0010-10180000811 aNabi Muhammad SAW Rasul Kesayangan Kita 10 :bMerpati Penyelamat /cEko Marsudiono, S.Pd0 aEko Marsudiono, S.Pd a- a24 hlm. :bilus. ;c27,5 cm. aBogor :bYudhistira,c2004 a297.09 a297.09 EKO n a979-746-010-X aSejarah Nabi Muhammad SAW a01509/P/2018 a01510/P/2018